| 000 | 00529nam a2200157 a 4500 | ||
|---|---|---|---|
| 001 | 000035759 | ||
| 005 | 20200930074605.0 | ||
| 008 | 111110s2011 dr a 000 0 spa d | ||
| 040 |
_aDO-SdBNP _bspa _cBNPHU |
||
| 100 | 1 |
_aDurán, Daniel _9893 |
|
| 245 | 1 | 0 |
_aManual del líder : _bguía de práctica para un liderazgo eficaz / _cDaniel Durán. |
| 260 |
_aSanto Domingo : _bIglesia Adventista del septimo día, _c2011. |
||
| 300 |
_a118 p. ; _c28 cm. |
||
| 500 | _aGrupos de crecimiento para una iglesia productiva. | ||
| 049 | _aBNPD | ||
| 999 |
_c35250 _d35250 |
||